000 01182cam a22002895a 4500
001 18207755
005 20150610143050.0
008 140701t2015 flua frb 001 0 eng d
020 _a9781466551602 (hardback)
040 _aDLC
_beng
_cDLC
_dDLC
_dEG-ScBUE
082 0 4 _a620.86
_222
_bBAH
100 1 _aBahr, Nicholas J.,
_938143
245 1 0 _aSystem safety engineering and risk assessment :
_ba practical approach /
_cNicholas J. Bahr.
250 _a2nd ed.
260 _aBoca Raton :
_bCRC Press / Taylor & Francis,
_cc.2015.
300 _axxvii, 407 p. :
_bill. (some col.) ;
_c25 cm.
500 _aIndex : p. 397-407.
504 _aIncludes bibliographical references.
520 _a"We all know that safety should be an integral part of the systems that we build and operate. The public demands that they are protected from accidents, yet the two constituencies--industry and government--don't always know how to reach this common goal"--
590 _aSara elBakry
650 0 _aIndustrial safety.
_2BUEsh
650 0 _aSystem safety.
_2BUEsh
650 0 _aRisk assessment.
_2BUEsh
653 _bENGGEN
_cJune2015
655 _vreading book
_934232
942 _2ddc
999 _c19532
_d19504